Statistics for Top 10 Valencia Starting XI

Click here to take the quiz!

General Stats

  • This quiz has been taken 221 times
  • The average score is 22 of 78

Answer Stats

TeamPlayer% Correct
2017-18Geoffrey Kondogbia
71%
2001-02, 2003-04, 2005-06Santiago Cañizares
68%
2005-06, 2009-10David Villa
67%
2009-10David Silva
64%
2014-15, 2017-18José Gayà
62%
2017-18Neto
62%
2014-15Diego Alves
57%
2017-18Gonçalo Guedes
57%
2014-15Shkodran Mustafi
57%
2014-15, 2017-18Daniel Parejo
53%
2014-15Nicolás Otamendi
50%
1989-90, 1992-93Carlos Arroyo Ayala
49%
2001-02, 2003-04, 2005-06Roberto Ayala
49%
2001-02, 2003-04, 2005-06Vicente Rodríguez
48%
2009-10, 2010-11Juan Mata
45%
2010-11Roberto Soldado
45%
1995-96Gaizka Mendieta
44%
2001-02, 2003-04Curro Torres
43%
2017-18Ezequiel Garay
43%
2003-04Jorge López
43%
2001-02, 2003-04, 2005-06Pablo Aimar
43%
2017-18Simone Zaza
43%
2001-02, 2003-04, 2005-06, 2009-10David Albelda
42%
2009-10, 2010-11Éver Banega
40%
2014-15André Gomes
39%
2017-18Gabriel Paulista
39%
1989-90Toni
36%
2017-18Carlos Soler
35%
2003-04, 2005-06Rubén Baraja
34%
2003-04Carlos Marchena
32%
2005-06Raúl Albiol
32%
2010-11Joaquín
30%
2014-15Paco Alcácer
29%
2009-10César Sánchez
28%
1989-90, 1992-93, 1995-96Fernando Gómez
28%
2009-10Pablo Hernández
28%
2010-11Ricardo Costa
28%
2014-15, 2017-18Rodrigo
28%
2005-06, 2009-10, 2010-11Miguel Monteiro
26%
2010-11Jérémy Mathieu
24%
2014-15Pablo Piatti
24%
1992-93Robert Fernández
24%
1989-90, 1992-93Tomás González Rivera
24%
2001-02, 2003-04Amedeo Carboni
22%
2003-04Mista
22%
1989-90, 1992-93Lyuboslav Penev
21%
1995-96Predrag Mijatović
21%
1995-96Andoni Zubizarreta
20%
2010-11Mehmet Topal
20%
2001-02, 2005-06Miguel Ángel Angulo
20%
2010-11Vicente Guaita
20%
2014-15Antonio Barragán
18%
2001-02Mauricio Pellegrino
18%
2017-18Martín Montoya
16%
2014-15Javi Fuego
14%
2010-11Aritz Aduriz
13%
2001-02Francisco Rufete
11%
2010-11Marius Stankevičius
11%
2005-06Emiliano Moretti
10%
1992-93José Manuel Sempere
9%
2009-10Alexis
8%
1992-93, 1995-96Paco Camarasa
8%
2009-10Bruno
7%
1995-96Enrique Romero
7%
1989-90, 1992-93Fernando Giner
7%
1989-90Ricardo Arias
7%
1989-90Voro
7%
2009-10Ángel Dealbert
6%
1992-93Leonardo Araújo
6%
1995-96Mazinho
6%
2001-02Salva Ballesta
6%
1995-96Antonio Poyatos
5%
1995-96Jorge Otero
5%
1989-90José Manuel Ochotorena
5%
1989-90Nando
5%
1989-90, 1992-93Eloy Olaya
4%
1995-96José Ignacio
4%
1995-96Pepe Gálvez
4%

Score Distribution

Percentile by Number Answered

Percent of People with Each Score

Your Score History

You have not taken this quiz